LEADER 02110nam0 22004453i 450 001 RML0159296 005 20251003044341.0 010 $bERR$z8890223601 100 $a20070412d2005 ||||0itac50 ba 101 | $aita 102 $ait 181 1$6z01$ai $bxxxe 182 1$6z01$an 200 1 $aCodice delle valutazioni immobiliari$fsupervisione Aldo De Marco$gcoordinatore responsabile Giampiero Bambagioni$gdirettore scientifico Marco Simonotti 205 $a3. ed 210 $aRoma$cTecnoborsa$d2005 215 $a253 p.$cill.$d25 cm.$e1 CD ROM 300 $aIn testa al front. : Tecnoborsa : per lo sviluppo e la regolazione dell'economia immobiliare. 510 1 $aItalian property valuation standard.$9TO01100250 606 $aImmobili$xValutazione$xLegislazione$2FIR$3LO1C769115$9I 676 $a333.332$9TRASFERIMENTO DEL POSSESSO E DIRITTO ALL'USO DELLA TERRA. VALORE E PREZZO$v22 676 $a333.3322$9VALORE E PREZZO DELLA TERRA. MERCATO DEI BENI IMMOBILI$v21 676 $a346.45043$9DIRITTO DELLA PROPRIETA IMMOBILIARE. ITALIA$v20 676 $a346.450432$9PROPRIETA IMMOBILIARE. POSSESSO. ITALIA$v19 676 $a346.450432$9DIRITTO DELLA PROPRIETA. ITALIA$v21 676 $a346.450432$9DIRITTO DELLA PROPRIETA IMMOBILIARE. REGIME FONDIARIO. ITALIA$v23 676 $a346.450437$9DIRITTO PRIVATO. ITALIA. PROPRIETË. AFFARI IMMOBILIARI.$v21 696 $aBeni immobili 699 $aImmobili$yBeni immobili 702 1$aDe Marco$b, Aldo$3CFIV004767 702 1$aSimonotti$b, Marco$3CFIV094119 702 1$aBambagioni$b, Giampiero$3TO0V440599 801 3$aIT$bIT-000000$c20070412 850 $aIT-BN0095 901 $bNAP 01$cBCA $nComprende monografie e periodici di diritto, testi di ingegneria, di scienze e tecnologia di nuova acquisizione. 912 $aRML0159296 950 0$aBiblioteca Centralizzata di Ateneo$c1 v.$d 01BCA SC. SOCIAL 1035$e 01 0000008045 VMA A4 1 v.$fY $h20220808$i20220808 977 $a 01 996 $aCodice delle valutazioni immobiliari$9712417 997 $aUNISANNIO